USA Top 500 Girl Names 2023 - Statistics

General Stats
  • This quiz has been taken 124 times
  • The average score is 260 of 500
Answer Stats
Hint Answer % Correct
A Ana
96%
A Anna
96%
A Ari
89%
B Bella
89%
E Ella
89%
M Mary
89%
A Alivia
87%
E Elle
87%
O Olivia
87%
A Abigail
85%
E Eliza
85%
E Elizabeth
85%
I Isabel
85%
L Lia
85%
A Amelia
83%
A Amy
83%
A Aria
83%
A Ariyah
83%
A Arya
83%
A Ava
83%
C Charlotte
83%
E Emilia
83%
E Emma
83%
G Grace
83%
H Hailey
83%
H Hannah
83%
I Isabella
83%
K Katherine
83%
L Lilly
83%
L Lily
83%
A Alice
81%
C Catherine
81%
C Chloe
81%
E Emely
81%
E Emily
81%
E Eva
81%
K Khloe
81%
L Lauren
81%
M Maria
81%
M Mia
81%
N Nicole
81%
A Alexandra
79%
A Allison
79%
A Amanda
79%
J Julia
79%
L Laura
79%
M Maddison
79%
M Madison
79%
S Sara
79%
A Alison
77%
A Ariana
77%
A Arianna
77%
D Daisy
77%
E Evelyn
77%
I Izabella
77%
L Leah
77%
Z Zoe
77%
A Annabelle
75%
A Annie
75%
C Caroline
75%
D Diana
75%
E Eleanor
75%
E Evelynn
75%
G Gracie
75%
J Josie
75%
L Laila
75%
L Layla
75%
L Leila
75%
L Lucy
75%
R Rachel
75%
R Rose
75%
A Aaliyah
74%
A Ashley
74%
C Cora
74%
D Daniela
74%
D Daniella
74%
D Danielle
74%
E Ellie
74%
G Gia
74%
K Kimberly
74%
M Melissa
74%
S Samantha
74%
V Victoria
74%
J Jane
72%
J Josephine
72%
L Lola
72%
M Maia
72%
M Maya
72%
A Addison
70%
A Aliyah
70%
A Aubree
70%
A Aubrey
70%
A Avery
70%
B Bailey
70%
B Brianna
70%
C Camila
70%
C Camilla
70%
C Camryn
70%
G Gabriela
70%
G Gabriella
70%
H Helen
70%
H Holly
70%
J Juliet
70%
K Kate
70%
K Kylie
70%
M Madeleine
70%
M Madeline
70%
M Madelyn
70%
M Madilyn
70%
R Rebecca
70%
D Sofia
70%
S Sophia
70%
Z Zara
70%
A Adaline
68%
A Adalyn
68%
A Adalynn
68%
A Adeline
68%
A Adelyn
68%
A Adelynn
68%
A Angela
68%
A Aurora
68%
B Briana
68%
J Jasmine
68%
L Lillian
68%
L Luna
68%
M Mira
68%
M Molly
68%
N Nina
68%
N Nora
68%
P Penelope
68%
R Riley
68%
R Rylee
68%
R Ryleigh
68%
A Alexis
66%
A Alicia
66%
A Audrey
66%
C Cameron
66%
C Charli
66%
E Esther
66%
F Faith
66%
G Gianna
66%
I Ivy
66%
L Lila
66%
L Lilah
66%
L Lyla
66%
N Natalie
66%
P Payton
66%
P Peyton
66%
Q Quinn
66%
S Sophie
66%
T Taylor
66%
V Violet
66%
W Willow
66%
A Ada
64%
A Alana
64%
A Alanna
64%
B Brooke
64%
B Brooklyn
64%
B Brooklynn
64%
C Callie
64%
C Claire
64%
H Hope
64%
J Jade
64%
K Kali
64%
L Lana
64%
M Mila
64%
M Myla
64%
S Stephanie
64%
V Vivian
64%
A Angelina
62%
C Camille
62%
E Eden
62%
E Eliana
62%
E Elliana
62%
E Evie
62%
I Iris
62%
J Juliana
62%
J Julianna
62%
J June
62%
M Maggie
62%
M Melanie
62%
M Michelle
62%
P Paris
62%
S Serena
62%
A Alyssa
60%
A Athena
60%
B Bianca
60%
B Blake
60%
D Dahlia
60%
E Everlee
60%
F Fiona
60%
H Hallie
60%
H Harper
60%
I Isla
60%
J Joanna
60%
J Jordan
60%
K Kayla
60%
M Madelynn
60%
M Margaret
60%
N Natalia
60%
P Paisley
60%
P Phoebe
60%
R Ruby
60%
S Sabrina
60%
S Scarlet
60%
S Scarlett
60%
S Selena
60%
V Valerie
60%
A Alexandria
58%
A Andrea
58%
E Emerson
58%
E Emersyn
58%
H Heidi
58%
L Lucia
58%
M Maisie
58%
N Naomi
58%
S Skylar
58%
V Vanessa
58%
V Vera
58%
A Adriana
57%
A Anastasia
57%
E Elise
57%
E Eloise
57%
E Everleigh
57%
E Everly
57%
J Jocelyn
57%
K Kendall
57%
K Kennedy
57%
L Lydia
57%
M Millie
57%
M Morgan
57%
S Stella
57%
A Adelaide
55%
A Ariel
55%
A Autumn
55%
A Ayla
55%
C Cassidy
55%
C Clara
55%
G Gemma
55%
G Georgia
55%
G Gracelyn
55%
G Gracelynn
55%
H Hadley
55%
H Hayden
55%
H Helena
55%
J Juniper
55%
L London
55%
L Londyn
55%
M Margot
55%
N Nova
55%
O Oaklee
55%
O Oakley
55%
O Olive
55%
P Paige
55%
P Parker
55%
S Savannah
55%
V Veronica
55%
D Destiny
53%
E Elena
53%
H Hazel
53%
J Joy
53%
P Piper
53%
R Ruth
53%
S Summer
53%
S Sydney
53%
T Tessa
53%
W Willa
53%
B Blakely
51%
C Carolina
51%
D Delilah
51%
E Elianna
51%
E Esme
51%
F Frances
51%
F Freya
51%
G Genesis
51%
L Lena
51%
M Mabel
51%
M Macie
51%
M Melody
51%
R Reagan
51%
R River
51%
R Rosie
51%
S Sadie
51%
S Sage
51%
S Saige
51%
S Sienna
51%
T Thea
51%
V Valeria
51%
A Amara
49%
A Arabella
49%
E Emery
49%
E Emory
49%
F Fatima
49%
H Harley
49%
M Mackenzie
49%
M Mckenzie
49%
A Alina
47%
B Blair
47%
C Carmen
47%
C Cecelia
47%
C Cecilia
47%
D Danna
47%
E Elsie
47%
E Ember
47%
H Harlow
47%
H Harmony
47%
H Haven
47%
L Logan
47%
L Luciana
47%
R Remi
47%
B Brielle
45%
D Daphne
45%
F Finley
45%
F Francesca
45%
K Kaylee
45%
K Kinsley
45%
N Noelle
45%
A Ariella
43%
B Brynn
43%
D Demi
43%
F Felicity
43%
L Liliana
43%
L Lilliana
43%
L Lucille
43%
M Makayla
43%
M Maryam
43%
O Octavia
43%
R Raelyn
43%
R Raelynn
43%
R Reese
43%
R Rosemary
43%
R Rowan
43%
S Serenity
43%
S Sloane
43%
B Brynlee
42%
C Cali
42%
D Dakota
42%
M Mariah
42%
M Matilda
42%
M Miriam
42%
N Nadia
42%
N Nyla
42%
S Sarah
42%
T Trinity
42%
A Alma
40%
A Amira
40%
A Anya
40%
C Charlie
40%
E Evangeline
40%
K Kamila
40%
K Kira
40%
L Lorelai
40%
L Lorelei
40%
O Ophelia
40%
R Rosalie
40%
S Sawyer
40%
W Winter
40%
W Wynter
40%
A Alayna
38%
A Aurelia
38%
C Celeste
38%
E Elaina
38%
G Genevieve
38%
J Julieta
38%
M Maeve
38%
P Poppy
38%
S Sylvia
38%
T Teagan
38%
W Wren
38%
A Aisha
36%
A Amari
36%
A Amaya
36%
C Charlee
36%
G Giselle
36%
L Lyra
36%
M Mariana
36%
O Opal
36%
P Presley
36%
A Alessia
34%
A Armani
34%
B Briella
34%
C Celine
34%
D Delaney
34%
D Dorothy
34%
E Elaine
34%
G Gwendolyn
34%
J Jayla
34%
J Journee
34%
J Journey
34%
J Juliette
34%
K Kiara
34%
L Liana
34%
M Marley
34%
M Mckenna
34%
R Raegan
34%
R Raya
34%
R Rory
34%
T Talia
34%
V Valentina
34%
Z Zoey
34%
Z Zuri
34%
A Alaia
32%
A Alaina
32%
A Alani
32%
A Alaya
32%
A Alayah
32%
A Amina
32%
E Elisa
32%
H Haisley
32%
J Jimena
32%
L Lennon
32%
O Oaklynn
32%
R Raven
32%
R Regina
32%
S Stevie
32%
X Ximena
32%
A Adelina
30%
A Aspen
30%
H Hattie
30%
L Leilani
30%
M Mallory
30%
N Nevaeh
30%
S Shiloh
30%
V Viviana
30%
A Astrid
28%
F Faye
28%
I Isabelle
28%
K Kaia
28%
M Malia
28%
P Phoenix
28%
R Remington
28%
A Alessandra
26%
A Anaya
26%
L Leia
26%
L Leighton
26%
M Magnolia
26%
M Miley
26%
A Amiyah
25%
A Annalise
25%
C Cataleya
25%
C Catalina
25%
E Esmeralda
25%
F Fernanda
25%
K Kalani
25%
K Katalina
25%
M Miracle
25%
N Noa
25%
R Reign
25%
S Sarai
25%
S Saylor
25%
S Sutton
25%
W Wrenley
25%
A Alora
23%
A Amora
23%
A Azalea
23%
C Colette
23%
D Dream
23%
K Kailani
23%
K Kaylani
23%
K Kehlani
23%
L Lilith
23%
M Mya
23%
P Palmer
23%
S Skye
23%
S Sylvie
23%
A Anahi
21%
C Calliope
21%
C Collins
21%
S Samara
21%
D Daleyza
19%
I Itzel
19%
L Lainey
19%
M Makenna
19%
M Malani
19%
M Milani
19%
N Navy
19%
T Tatum
19%
A Aitana
17%
M Meadow
17%
S Sunny
17%
A Arielle
15%
A Aylin
15%
B Brinley
15%
I Imani
15%
N Nylah
15%
S Selah
15%
A Aniyah
13%
M Mylah
13%
N Nayeli
13%
N Norah
13%
V Vivienne
13%
X Xiomara
13%
Z Zariah
13%
A Antonella
11%
R Renata
11%
A Amirah
9%
E Elora
9%
S Salem
9%
J Jordyn
6%
D Dayana
4%
No matching quizzes found
Score Distribution
Percent of People with Each Score
Percentile by Number Answered
Your Score History
You have not taken this quiz